| 000 | 00472nam a22001817a 4500 | ||
|---|---|---|---|
| 003 | MPLRDC | ||
| 005 | 20220104113818.0 | ||
| 008 | 210129b ||||| |||| 00| 0 eng d | ||
| 020 | _a957-773-203-8 | ||
| 082 | _a889 CSJB v.20 | ||
| 100 | _aTRACY MORGON | ||
| 245 |
_a人质奇缘 _c赵雅琴译 |
||
| 260 |
_a _b禾林图书股份有限公司 _c1994 |
||
| 300 | _b平 | ||
| 490 | _a畅销金榜. 20 | ||
| 650 | _a西洋小说之中文翻译 | ||
| 942 |
_cBK _o889 CSJB v.20 |
||
| 999 |
_c2553 _d2543 |
||